000 00671nam a2200217Ia 4500
003 OSt
005 20230523110846.0
008 210423s2017 xx 000 0 und d
020 _a978-93-5260-346-6
040 _cAL
041 _aeng
082 _a032.02 SING
100 _aSINGH (Surender);PARMAR (Virinder)
_9111126
245 _aGeneral studies: for civil services preliminary examination G S paper I 2017
260 _aChennai
_bMcGrawhill Education
_c2017
300 _aliv,K.63
_bPB
365 _b1545
_cINR
650 _aGeneral Knowledge
_9111127
906 _acivil ; examination ; General ; paper ; preliminary ; services ; studies:
942 _2ddc
_cBK
999 _c167915
_d167915